000 00293nam a22001337a 4500
008 170510b xxu||||| |||| 00| 0 eng d
020 _a9780735578272
041 _aeng
080 _23 ED
_a342
100 _a15
101 _aSHJ
245 _aADMINISTRATIV LAW
_cFUNK.W.F
942 _2udc
_cBK
999 _c13040
_d13040